Italian Language Directions and Prepositions of Place - Statistics

General Stats
  • This quiz has been taken 107 times
    49 since last reset
  • The average score is 12 of 28
Answer Stats
Hint Answer % Correct
west ovest
88%
south sud
88%
east est
75%
North nord
75%
here qui
63%
on the corner all'angolo
50%
through/across attraverso
50%
middle/center centro
50%
left sinistra
50%
near vicino
50%
top cima
38%
right destra
38%
straight dritta
38%
bottom fondo
38%
somewhere in qualche luogo
38%
above sopra
38%
below sotto
38%
up su
38%
front davanti
25%
behind dietro
25%
between fra/tra
25%
down giu
25%
around intorno
25%
over there loggia
25%
far lontano
25%
anywhere/everywhere ovunque
25%
toward verso
25%
next to/beside accanto
13%
No matching quizzes found
Score Distribution
Percent of People with Each Score
Percentile by Number Answered
Your Score History
You have not taken this quiz since the last reset